| 000 | 01217nam a22002297a 4500 | ||
|---|---|---|---|
| 005 | 20150519112335.0 | ||
| 010 | _aENG-112563 | ||
| 020 |
_a9789381904930 _c720.00 |
||
| 035 | _aEN-96095 | ||
| 037 | _bDBAD/PUB | ||
| 082 | _a333.79095 | ||
| 245 | 0 | 0 |
_aStrategising energy : _cedited by Sreemati Ganguli _ban Asian perspective / |
| 260 |
_aNew Delhi _bKW Publishers _c2014 |
||
| 270 |
_a4676/21, First Floor, Ansari Road, Daryaganj, _bNew Delhi _e110002 |
||
| 300 |
_ax,301p. : _c24cm(Hb) _bill.,maps |
||
| 500 | _a Includes bibliographical references and index. | ||
| 505 | _a Pt. 1. India’s energy security scenario -- pt. 2. Strategic significance of West Asian energy -- pt. 3. Eurasian strategic sphere of energy -- pt. 4. China’s energy strategy in the neighbourhood. | ||
| 520 | _a Contributed articles presented at the International Conference on "Energy and Strategy--the Contemporary Asia", held at Kolkata on 7th September 2011; organised by Maulana Abul Kalam Azad Institute of Asian Studies and Institute of Foreign Policy Studies, University of Calcutta. | ||
| 650 |
_aEnergy security _zAsia _vCongresses. |
||
| 700 | _aGanguli, Sreemati | ||
| 942 |
_2ddc _cEN _mSTR _h333.79095 |
||
| 999 |
_c92676 _d92676 |
||